| 000 | 00351nam a2200145Ia 4500 | ||
|---|---|---|---|
| 008 | 200615s9999||||xx |||||||||||||| ||und|| | ||
| 020 | _a9798174464988 | ||
| 082 |
_a650 _bHUM-D |
||
| 100 | _aDIPAK KUMAR BHATTACHARYA | ||
| 245 | 0 | _aHUMAN RESOURCES PLANNING | |
| 250 | _a2ND | ||
| 260 |
_anew delhi _bEXCEL BOOKS _c2017 |
||
| 300 | _a439 | ||
| 942 | _cBK | ||
| 999 |
_c27191 _d27191 |
||